| 000 | 00548nam a2200169Ia 4500 | ||
|---|---|---|---|
| 005 | 20250508155951.0 | ||
| 008 | 008 250505s9999 xx 000 0 eng d | ||
| 037 | _aBooks to be hide in OPAC | ||
| 040 |
_aFEDL _beng _cFEDL |
||
| 041 |
_aeng _2eng |
||
| 084 |
_a379.415, IRE/O _qFEDL |
||
| 245 | 0 | _aAnnual report of the commissioners of education in Ireland, for the year 1906 | |
| 260 |
_aDublin _bAlexander Thom and Co. _c1907 |
||
| 546 | _aEducation (Ireland), 1906 | ||
| 942 |
_cHB _h379.415, IRE/O |
||
| 999 |
_c1360540 _d1360540 |
||